Science Quiz

Random Science Quiz

Afferent auditory pathway Quiz Stats

 Plays Quiz not verified by Sporcle

Also try: Solar System Moons
Challenge
Share
Tweet
Embed
Score 0/7 Timer 05:00
0 Plays Today
Pathway % Correct
superior olivary complex
72.7%
cochlear nuclei
36.4%
inner hair cells in cochlea
27.3%
nerve VIII
18.2%
A1
18.2%
inferior colliculus in the midbrain
0%
medial geniculate nuclei in the thalamus
0%

You're not logged in!

Compare scores with friends on all Sporcle quizzes.
Join for Free
OR
Log In

You Might Also Like...

Show Comments

Extras

Created Nov 15, 2009ReportNominate
Tags:auditory, pathway

Top Quizzes Today


Score Distribution

Your Account Isn't Verified!

In order to create a playlist on Sporcle, you need to verify the email address you used during registration. Go to your Sporcle Settings to finish the process.

Report this User

Report this user for behavior that violates our Community Guidelines.

Details: